LEGO DC Comics Super Heroes: Green Lanterns by Picture - Statistics

General Stats
  • This quiz has been taken 78 times
  • The average score is 4 of 5
Answer Stats
Picture Answer % Correct
Thaal Sinestro
100%
Hal Jordan
98%
John Stewart
89%
Jessica Cruz
75%
Simon Baz
62%
No matching quizzes found
Score Distribution
Percent of People with Each Score
Percentile by Number Answered
Your Score History
You have not taken this quiz